|
|
|
|
| LEADER |
00793cam a2200241 a 4500 |
| 001 |
0000076347 |
| 005 |
20090205090000.0 |
| 040 |
|
|
|a mod
|
| 041 |
|
|
|a eng
|
| 020 |
0 |
0 |
|a 071465647X
|
| 090 |
0 |
0 |
|a 341.584
|b PEA
|e 2004
|
| 245 |
1 |
0 |
|a Peace operations after 11 September 2001
|c editor, Thierry Tardy
|
| 260 |
0 |
0 |
|a London
|b Frank Cass
|c 2004
|
| 300 |
0 |
0 |
|a xvii, 204 p
|c 24 cm
|
| 440 |
0 |
0 |
|a Cass series on peacekeeping
|
| 500 |
0 |
0 |
|a Includes bibliographical references and index
|
| 650 |
0 |
0 |
|a War on terrorism, 2001-
|
| 650 |
0 |
0 |
|a Peace-building
|
| 650 |
0 |
0 |
|a Peacekeeping forces
|
| 700 |
1 |
1 |
|a Tardy
|h Thierry
|
| 852 |
0 |
0 |
|a 01
|
| 999 |
|
|
|a 0239547
|b KEMENTAH
|d BOOKS
|e Umum
|f Perpustakaan KEMENTAH
|j AVAILABLE
|q GOOD CONDITION
|
| 999 |
|
|
|a 0248939
|b KEMENTAH
|d BOOKS
|e Umum
|f Perpustakaan KEMENTAH
|j AVAILABLE
|q GOOD CONDITION
|